000 00680cam a2200181 a 4500
001 000015745
005 20200929164134.0
008 900303s1988 cu b 001 0 spa
040 _aDO-SdBNP
_bspa
_cBNPHU
082 _a012
_bC352b
100 1 _aCastillo Vega, Marcia.
_917575
245 1 0 _aBibliografía de Mirta Aguirre /
_cMarcia Castillo Vega ; edición Ángel L. Fernández.
260 _aLa Habana, Cuba :
_bEditorial Letras Cubanas,
_c1988.
300 _a213 p. ;
_c24 cm.
600 1 4 _aAGUIRE,MIRTA,
_d1912-1980
_xBIBLIOGRAFÍA
_935426
700 1 _aFernández, Ángel L.
_eed.
_935427
710 1 _aInstituto de Literatura y Lingüística
_bAcademia de Ciencias de Cuba
_935428
999 _c15295
_d15295